000 00324nam a2200133Ia 4500
003 GCL
008 140319s9999 xx 000 0 eng d
040 _aGCL /
_cGCL
082 0 4 _a635.9
_bH P
100 1 _aHAAGER, JIRI
245 1 0 _aPlantes De La Maison /
_cHAAGER, JIRI
260 _a[S.N] :
_bGRUND ،
_c1979
300 _a279
999 _c17574
_d17574